Statistics for Random Country Trivia

Click here to take the quiz!

General Stats

  • This quiz has been taken 505 times
  • The average score is 14 of 25

Answer Stats

CountryHintAnswer% Correct
United StatesWhich American President gave the Gettysburg Address?Abraham Lincoln
100%
BrazilWhat is the longest River in Brazil?Amazon
100%
NetherlandsWhat is the Capital city of the Netherlands?Amsterdam
100%
TurkeyWhat is the capital of Turkey?Ankara
100%
NetherlandsWho wrote "Diary of a Young Girl" while hiding from the Nazis in Netherlands?Anne Frank
100%
ChinaWhat is the capital of China?Beijing
100%
BelgiumWhat is the capital of Belgium?Brussels
100%
ArgentinaWhat is the capital city of Argentina?Buenos Aires
100%
EgyptWhat is the capital of Egypt?Cairo
100%
AustraliaWhat is the Capital City of Australia?Canberra
100%
SpainWhich Spanish Region is Barcalona the Capital of?Catalonia
100%
NetherlandsWhat is the Official Language of the Netherlands?Dutch
100%
GermanyWhich City is known as the Financial capital of Germany?Frankfurt
100%
ChinaWhat is China's largest desert?Gobi
100%
IsraelWhat is The Official Language of Israel?Hebrew
100%
CanadaWhich is the Most popular spectator sport in Canada?Ice Hockey
100%
IranWhat country did Iran fight a war against in the 1980s?Iraq
100%
PakistanWhat is the Capital City of Pakistan?Islamabad
100%
TurkeyWhat is Turkey's most populous city?Istanbul
100%
IndonesiaWhat is The Capital of Indonesia?Jakarta
100%
IsraelWhat is The Capital of Israel?Jerusalem
100%
JapanWhich robe is worn on formal occasions in Japan?Kimono
100%
TurkeyWhat is the second-largest ethnic group in Turkey?Kurds
100%
TurkeyWhat is the currency of Turkey?Lira
100%
SpainWhat is the Capital city of Spain?Madrid
100%
MexicoWhat is the Capital City of Mexico?Mexico City
100%
RussiaWhat is the Capital city of Russia?Moscow
100%
JapanWhat is The Highest Mountain in Japan?Mount Fuji
100%
KenyaWhat is the Capital city of Kenya?Nairobi
100%
United StatesWho was the First Person to walk on the Moon?Neil Armstrong
100%
IndonesiaWhich Country Colonized Indonesia?Netherlands
100%
IndiaWhat is The Capital of India?New Delhi
100%
United StatesWhat is the most Populous city in the United States?New York City
100%
CanadaWhat is the Capital City of Canada?Ottawa
100%
FranceWhat is The Capital city of France?Paris
100%
CubaWhat is the Currency of Cuba?Peso
100%
MoroccoWhat is the Capital city of Morocco?Rabat
100%
GermanyWhich is the Longest river in Germany?Rhine
100%
IndiaWhat is The Currency of India?Rupee
100%
EgyptWhat desert covers the majority of the Egypt?Sahara
100%
AfghanistanWhich country invaded Afghanistan in 1979?Soviet Union
100%
RussiaWhich Russian Satellite was the First to orbit Earth?Sputnik
100%
MoroccoWhat is the Strait between Morocco and Spain called?Strait of Gibraltar
100%
ArgentinaWhich popular Dance form originated in Argentina?Tango
100%
IranWhat is the Capital City of Iran?Tehran
100%
JapanWhat is the Capital City of Japan?Tokyo
100%
IndonesiaFrom which Disaster did Indonesia suffer 130,000 deaths in 2004?Tsunami
100%
RussiaWhich is the Longest river in European Russia?Volga
100%
United StatesWhat is the Capital City?Washington D.C
100%
New ZealandWhat is the Capital City of New Zealand?Wellington
100%
RussiaWho is the Current President of Russia?Vladimir Putin
92%
FranceWhat is the region of France located in South America called?French Guiana
91%
United KingdomWhat is the Capital of the United Kingdom?London
91%
United KingdomWhat is the Official Currency?Pound
90%
ItalyWhat is the Capital city of Italy?Rome
90%
NigeriaWhat is the Most Populous City in Nigeria?Lagos
89%
FranceWho was the Longest-reigning King of France?Louis XIV
89%
ItalyWhat Mountain Range is located to the North of Italy?Alps
88%
AfghanistanWhat country shares the shortest border with Afghanistan?China
88%
NetherlandsWhat bird went extinct shortly after the Dutch settlement of Mauritius in 1638?Dodo
88%
New ZealandWhat ethnic group is indigenous to New Zealand?Māori
88%
BelgiumWhich Sea Borders Belgium?North Sea
88%
GermanyWhat is the German word for "Sausage"?Wurst
88%
NigeriaWhat is the Capital city of Nigeria?Abuja
86%
BrazilWhat is the Capital City of Brazil?Brasilia
86%
BangladeshWhat is the capital of Bangladesh?Dhaka
86%
CubaWhat is the Capital of Cuba?Havana
86%
BangladeshWhat Countries Border Bangladesh? (Name Any One)Myanmar | India
86%
BrazilWhat language is mostly spoken in Brazil?Portuguese
86%
AustraliaWhich State is Brisbane the Capital of?Queensland
86%
AustraliaWhat is the most populous City in Australia?Sydney
86%
NetherlandsWho was the Painter of "The Starry Night"?Vincent Van Gogh
86%
ItalyWhich Italian oval amphitheater is one of the wonders of the World?Colosseum
83%
FranceWhich tower was built for the 1889 World's Fair in France's Capital?Eiffel Tower
83%
MexicoWhich native Mexican civilization was known for pyramids, calendars, and writing?Maya
83%
United StatesWhat is the southernmost major city in the continental U.S.?Miami
83%
GermanyWhat is the annual Munich beer festival known as?Oktoberfest
83%
TurkeyWhat Turkish empire was dissolved in 1923?Ottoman Empire
83%
SpainWhat mountain range separates Spain from France?Pyrenees
83%
JapanWhat is the traditional Alcoholic beverage made from fermented rice?Sake
83%
RussiaWhat is the Vast Eastern Region of Russia called?Siberia
83%
CubaWhat is the Official language?Spanish
83%
ChinaWhat religion / philosophical tradition follows the teachings of Laozi?Taoism
83%
TurkeyWhat is the name of the peninsula on which most of Turkey is situated?Anatolia
80%
EgyptWhat is the official language of Egypt?Arabic
80%
GermanyWhat is the German highway system called?Autobahn
80%
United StatesWhat is the biggest city in New England?Boston
80%
United KingdomWhat is the National anthem?God Save The Queen
80%
EgyptWhat city has been called the "world's greatest open-air museum"?Luxor
80%
United StatesWhat mountain has four Presidents carved into its face?Mount Rushmore
80%
EgyptWhat is Egypt's only river?Nile
80%
BangladeshWhich Country Did Bangladesh Gain Independence from?Pakistan
80%
SpainWhat city hosts the festival of San Fermín, famous for its running of the bulls?Pamplona
80%
NetherlandsWhich City is home to Europe's busiest port?Rotterdam
80%
BelgiumWho are the Little blue comic figures from Belgium?Smurfs
80%
EgyptWhat famous landmark has a lion's body and a human head?The Great Sphinx
80%
ChinaWhat is China's longest river?Yangtze
80%
IndiaWhat is The Nickname for the Indian film industry?Bollywood
78%
ChinaWhat mythological animal is often used to represent China?Dragon
78%
IsraelWhat object appears on The Israeli flag?Star of David
78%
EgyptWhat is Egypt's second largest city?Alexandria
75%
GermanyWhich state is Munich is the capital of?Bavaria
75%
IndiaWhat popular board game is thought to have originated in India before 600 AD?Chess
75%
United KingdomWhat is the Capital of Scotland?Edinburgh
75%
BelgiumWhat is the Dutch Speaking Region of Belgium called?Flanders
75%
ChinaWhat former British colony was handed back to China in 1997?Hong Kong
75%
IndiaWhat river is considered to be the “cradle of civilization” of the Indian subcontinent?Indus
75%
South AfricaWhat is the most populous city in South Africa?Johannesburg
75%
GermanyWhich is The National Airline of Germany?Lufthansa
75%
CanadaWhat is the collective name of Horeshoe Falls, American Falls, and Bridal Veil Falls?Niagara Falls
75%
United KingdomWhich University is the oldest in The UK?Oxford
75%
FranceWhich famous bike race takes place in France?Tour de France
75%
ItalyWho was the First Roman emperor?Augustus
73%
GermanyWhat is the Capital city of Germany?Berlin
73%
New ZealandWhat is the most populous urban area in New Zealand?Auckland
71%
IndonesiaWhat is the Most famous resort island of Indonesia?Bali
71%
CubaWhat is the Most popular sport?Baseball
71%
BrazilWhat Bean is Brazil the #1 Producer of?Coffee
71%
BangladeshWhat Is the Most Popular Sport In Bangladesh?Cricket
71%
IranWho was the leader of the 1979 revolution in Iran?Ruhollah Khomeini
71%
CanadaWhat is Canada's most populous city?Toronto
71%
TurkeyWhat ancient city was the site of Homer's "Iliad"?Troy
71%
BelgiumWhat is the French Speaking Region of Belgium called?Wallonia
71%
BelgiumWhich Belgian Town was the Site of Napoleon's last battle?Waterloo
71%
EthiopiaWhat is the capital of Ethiopia?Addis Ababa
70%
EgyptWhat was the title of the rulers of ancient Egypt?Pharaoh
70%
GermanyWhat was the Capital of West Germany from 1949 - 1990?Bonn
67%
AustraliaWhat type of curved stick was used by Aboriginal Australians to hunt small prey?Boomerang
67%
United KingdomWho wrote "A Tale of Two Cities"?Charles Dickens
67%
SpainWhat is the name of the longest river that is entirely situated in Spain?Ebro
67%
TurkeyWhich Tassled red hat is popular among Turks?Fez
67%
ItalyWhich Italian astronomer is known as the "father of observational astronomy"?Galileo Galilei
67%
United KingdomWhat disaster struck London in 1666?Great Fire of London
67%
KenyaWhich Trench Runs Through Kenya?Great Rift Valley
67%
EthiopiaWho was emperor of Ethiopia from 1930 until 1975?Haile Selassie
67%
ChinaWho was the first leader of communist China?Mao Zedong
67%
ItalyWhich Italian City is said to be the Origin of Pizza?Naples
67%
South AfricaWho became the first black President of South Africa in 1994?Nelson Mandela
67%
JapanWhat is the Second most populous urban area of Japan?Osaka
67%
ChinaWhat was the former English-language spelling of that city?Peking
67%
AfghanistanWhat branch of Islam do most of the Hazara people belong to?Shia
67%
ItalyWhich Italian Region has Florence as its capital?Tuscany
67%
JapanWhat is the former name of the Current Capital of Japan?Edo
64%
IsraelWhich river is found on Israel's eastern border?Jordan
64%
SpainWhat group of seven islands includes Tenerife, Fuerteventura, and Lanzarote?Canary Islands
63%
EthiopiaWhat killed over 1 million Ethiopians in the early 1980s?Famine
63%
CubaWho led Cuba from 1961 until 2008?Fidel Castro
63%
ItalyWhat is the Tallest volcano in Italy?Mount Etna
63%
BangladeshWhat is The National Animal of Bangladesh?Royal Bengal Tiger
63%
New ZealandWhich animal had a population of 70 million in 1982?Sheep
63%
ArgentinaWhat Element is named After Argentina?Silver
63%
JapanWhat is the National Sport of Japan?Sumo
63%
MexicoWhat empire had its capital at Tenochtitlan?Aztec
60%
IndiaWhat is The Most popular sport in India?Cricket
60%
FranceWhat is The Tallest mountain in France?Mont Blanc
60%
South AfricaWhat is South Africa's longest river?Orange
60%
SpainWhat is the Traditional afternoon nap or rest called?Siesta
60%
EgyptWhat canal did Egypt nationalize in 1956, sparking a foreign invasion?Suez
60%
CanadaWhat is the capital of British Columbia?Victoria
60%
BelgiumWhich Belgian City hosted the 1920 Olympics?Antwerp
57%
SpainWhat is the top Spanish football league called?La Liga
57%
MoroccoWhat city served as the capital of the former Saadi dynasty?Marrakesh
57%
New ZealandWhat is New Zealand's tallest mountain?Mount Cook
57%
ItalyWhich is the Longest river in Italy?Po
57%
United KingdomWho is the Current monarch?Queen Elizabeth II
57%
CubaWhat style of music ,which shares it's name with a sauce,is based on Cuban traditions?Salsa
57%
BrazilWhat is the most populous city ?São Paulo
57%
ItalyWhich is the Largest island in Italy?Sicily
57%
PakistanWhich is the Longest River in Pakistan?Indus
56%
ChinaWhat former Portuguese colony returned to China in 1999?Macau
56%
IndiaIn which Year did India Gain Independence?1947
50%
IranWhat branch of mathematics is Persian scholar Muhammad ibn Musa al-Khwarizmi considered the "father" of?Algebra
50%
New ZealandWhat is the national rugby union team called?All Blacks
50%
GermanyWhat is Germany's top soccer league known as?Bundesliga
50%
MoroccoWhat is the Most populous city in Morocco?Casablanca
50%
CubaWhat is Cuba's most famous export product?Cigars
50%
ArgentinaWhat is the name of the second most populated city in Argentina?Córdoba
50%
FranceWhat is the Roman name for France?Gaul
50%
BangladeshWhat is The Most Common Religion in Bangladesh?Islam
50%
South AfricaWhat large desert is located in the northern part of South Africa?Kalahari
50%
United KingdomWhich English County is closest to France?Kent
50%
South AfricaWhat country is completely surrounded by South Africa?Lesotho
50%
ChinaWhat is the informal name of the northeasternmost part of China?Manchuria
50%
KenyaIn Which Olympic event does Eliud Kipchoge holds the world record?Marathon
50%
KenyaWhat is the Most populous coastal city?Mombasa
50%
TurkeyWhat is the highest mountain in Turkey?Mount Ararat
50%
NigeriaWhat is the nickname for the Nigerian film industry?Nollywood
50%
AustraliaWhat country gained its independence from Australia in 1975?Papua New Guinea
50%
IranWhat is the Official language of Iran?Persian
50%
United KingdomWhich is the longest River?Severn
50%
EgyptWhat is the National Animal of Egypt?Steppe Eagle
50%
IndonesiaWho was The First President of Indonesia?Sukarno
50%
KenyaWhat is the National Language of Kenya?Swahili
50%
United StatesWho was the Main author of the Declaration of Independence?Thomas Jefferson
50%
BelgiumWhich desert made in grid-shaped irons is popular in Belgium?Waffle
50%
EthiopiaIn 1974, the skeleton of an early hominid species from 3.2 million years ago was discovered in Ethiopia.
What female name was this skeleton given?
Lucy
45%
IsraelWhich salty inland sea is found at 430 meters below sea level?Dead Sea
44%
CanadaWhat is Canada's largest island?Baffin
43%
PakistanWhich Country was part of Pakistan until 1971?Bangladesh
43%
United StatesWhat is the highest Mountain in the United States?Denali
43%
NetherlandsWhat was the currency of the Netherlands before it was replaced by the Euro?Guilder
43%
CanadaWhat British dominion joined Canada in 1949?Newfoundland
43%
NigeriaWhat is the longest river in Nigeria?Niger
43%
IsraelAccording to The Bible ,which body of water did Jesus walk on?Sea of Galilee
43%
South AfricaWhat is the most populous city in the province of KwaZulu-Natal?Durban
42%
FranceWhich despotic prison was stormed on July 14, 1789?Bastille
40%
SpainWhat was the last Muslim city in Spain?Granada
40%
AfghanistanWhat mountain range covers central Afghanistan?Hindu Kush
40%
ArgentinaWhich language has the second most native speakers in the nation after Spanish?Italian
40%
BrazilWho is the Current President?Jair Bolsonaro
40%
AfghanistanWhat is the capital of Afghanistan?Kabul
40%
JapanWhat is the Japanese name for Japan?Nihon
40%
CubaWhat is the Second Largest city in Cuba?Santiago de Cuba
40%
IsraelWhat is the Currency of Israel?Shekel
40%
IndiaWhich monotheistic Religion was founded in North India in 1500 AD?Sikhi
40%
NetherlandsWhich city is home to the U.N.’s International Court of Justice?Amsterdam
38%
JapanWhat is the name for Japanese comics?Manga
38%
RussiaWho was the Last Tsar of Russia?Nicholas II
38%
PakistanWhat is the Most Popular Language of Pakistan?Punjabi
38%
AfghanistanWhat is the second most populous city in Afghanistan?Kandahar
36%
CanadaWhat is Canada's oldest National Park?Banff
33%
IndonesiaWhich Island is the Pygmy Elephant native to?Borneo
33%
MoroccoWhat is Morocco's national dish?Couscous
33%
AustraliaWhat northern city was hit by Japanese air raids during WWII?Darwin
33%
New ZealandWho , alongside Tenzing Norgay was the first to have reached the summit of Mount Everest?Edmund Hillary
33%
MexicoWhich City is known as the Pearl of the West?Guadalajara
33%
BelgiumWhat is The Most common male name in Belgium?Jean
33%
NigeriaWhat walled city is the most populous urban area in northern Nigeria?Kano
33%
PakistanWhat is The Capital of The Punjab State?Lahore
33%
RussiaWhich Space dog became the first animal to orbit Earth in 1957?Laika
33%
KenyaWhat killed 28–31 people building a railroad over the Tsavo river in 1898?Lions
33%
FranceWhich is the Longest river by length within France?Loire
33%
BrazilWhat is the most populous city that sits on the Amazon River?Manaus
33%
RussiaWhat is the Highest mountain in Russia?Mount Elbrus
33%
IsraelWhich Desert which comprises the southern half of Israel?Negev
33%
KenyaWhat is the Currency of Kenya ?Shilling
33%
MoroccoWhich Moroccan city used to have an international zone from 1924 to 1956?Tangier
33%
AustraliaWhich Landmark also known as Ayers Rock?Uluru
33%
NigeriaWhat edible tuber Nigeria is the world's leading producer of ?Yam
33%
South AfricaWhat political party has dominated South Africa since 1994?African National Congress
30%
RussiaWhich Communist faction came to power in 1917?Bolsheviks
30%
MexicoWhat is the Mexican term for Pro Wrestling?Lucha Libre
30%
MoroccoWhat term was historically used to refer to Muslims that lived in North Africa?Moors
30%
South AfricaWhat warrior-king led the Zulu kingdom to a period of expansion in the early 1800s?Shaka
30%
SpainWho is the current king of Spain?Felipe VI
29%
IndiaWhat empire, led by Ashoka, controlled nearly the entire subcontinent in the 200s BC?Mauryan Empire
29%
IsraelWhat is the The name of Israel's national intelligence agency?Mossad
29%
RussiaWhat is The Currency of Russia?Rouble
29%
BrazilWhat is the capital of the state of Bahia?Salvador
29%
AfghanistanWhat is the National Animal of Afghanistan?Snow Leopard
29%
IndonesiaWhat is The National animal of IndonesiaKomodo Dragon
27%
AfghanistanWhat is the currency of Afghanistan?Afghani
25%
NigeriaWhat former independent country existed in southeastern Nigeria between 1967–1970?Biafra
25%
BangladeshWhat is the Second-most populous city?Chittagong
25%
BangladeshWhich Type of disaster killed at least 50,000 people in 1582, 1699, 1822,
1847, 1876, 1970, and 1991?
Cyclone
25%
ArgentinaWhat is the the largest waterfall system in the world located between Argentina and Brazil?Iguazú
25%
TurkeyWho is considered the father of modern-day Turkey?Mustafa Kemal Atatürk
25%
JapanWhat are the Military nobility of pre-industrial Japan called?Samurai
25%
NetherlandsWhat flower's prices caused a "mania" in the 17th century?Tulip
25%
MexicoWhat peninsula was struck by an asteroid 66 million years ago
- causing the extinction of the dinosaurs?
Yucatan
25%
AustraliaWho is considered to be the first European to reach Tasmania?Abel Tasman
22%
BangladeshWhich country with a population > 5 million is more densely populated than Bangladesh?Singapore
22%
ArgentinaWhat is the highest Mountain in Argentina?Aconcagua
20%
South AfricaWhat mountain range is located between the borders of South Africa and the Lesotho?Drakensberg
20%
KenyaWho is known as the founding father of Kenya?Jomo Kenyatta
20%
MoroccoWho is the Current king of Morocco?Mohammed VI
20%
NigeriaWhat is the Currency of Nigeria?Naira
20%
MexicoWhat general raided the southern U.S. in the early 1900s?Pancho Villa
20%
IranWhat is The Religious Capital of Iran?Qom
20%
IndonesiaWhat is The Currency of Indonesia?Rupiah
20%
BangladeshWhat is The Currency of Bangladesh?Taka
20%
NetherlandsWhat Dutch scientist was the first person to see single-cell organisms?Antonie van Leeuwenhoek
17%
EthiopiaWhat crop has its origins in Ethiopia and today is one of the country's largest exports?Coffee
17%
IranWhat is The National Sport of Iran?Freestyle Wrestling
17%
ArgentinaWhat is the Term for an Argentinian cowboy?Gaucho
17%
PakistanWhat is The National Sport of Pakistan?Hockey
17%
KenyaWhat is the Tallest mountain in Kenya?Mount Kenya
17%
MexicoWhat river was established as the U.S-Mexico border after the Mexican-American War?Rio Grande
17%
United StatesWhat was the Willis tower earlier known as?Sears Tower
17%
MexicoWhat country declared its independence from Mexico in 1836?Texas
17%
EthiopiaWhat was Ethiopia known as prior to the 1600s?Abyssinia
14%
EthiopiaWhat is the currency of Ethiopia?Birr
14%
BrazilWhat Celebration is held for five days before Ash Wednesday?Carnival
14%
IranWho ruled the Persian empire at its greatest extent around 500 BC
when it ruled over more than 40% of the world's population?
Darius
14%
BelgiumWhich Animal is depicted on the coat of Arms of 8 Belgian Provinces?Lion
14%
AustraliaWho was the longest-serving prime minister of Australia?Robert Menzies
14%
IndonesiaWhat language has about 40 million native speakers around Indonesia?Sundanese
14%
IsraelWhat is the name of Israel's Legislature?The Knesset
14%
EthiopiaWhat is Ethiopia's official language?Amharic
13%
South AfricaWhat cape is Africa's southernmost point?Cape Agulhas
11%
New ZealandWhat is New Zealand's largest lake?Lake Taupo
11%
ArgentinaWhich river makes most of the Argentine border with Brazil?Uruguay
11%
PakistanWhich Former Cricketer is the Current Prime Minister of Pakistan?Imran Khan
10%
AustraliaWhat name is given to the first people that inhabited Australia?Aboriginals
0%
EthiopiaWhat major international organization is located in that city?African Union
0%
EthiopiaWhat city in Ethiopia was the center of an empire that last from 100 AD - 940 AD?Aksum
0%
PakistanWhat is The Largest State of Pakistan(by area)?Balochistan
0%
AfghanistanWhat is the National Sport of Afghanistan?Buzkashi
0%
CubaWhich is the Longest river in Cuba?Cauto
0%
New ZealandWhat is the largest city on New Zealand's South Island?Christchurch
0%
MoroccoWhich of the Roman emperors conquered northern parts of Morocco in about 44 AD?Claudius
0%
New ZealandWhich physicist is known as the father of nuclear physics?Ernest Rutherford
0%
NigeriaWhat ocean gulf does Nigeria border?Gulf of Guinea
0%
NigeriaWhich is the Largest ethnic Group, starting with I in Eastern Nigeria?Igbo
0%
PakistanWhat is The National Flower of Pakistan?Jasmine
0%
IndonesiaWhat is the Longest River in Indonesia called?Kapuas
0%
CanadaWho was the Canadian Prime Minister during World War II?Mackenzie King
0%
MexicoWho is considered as the father of Mexico?Miguel Hidalgo
0%
CanadaWhat is the tallest mountain in Canada?Mount Logan
0%
PakistanWho is known as the founding father of Pakistan?Muhammad Ali Jinnah
0%
ArgentinaWhat are the Fertile grasslands in Northern Argentina called?Pampas
0%
AfghanistanWhat is the name of the dominant ethnic group of Afghanistan?Pashtuns
0%
BrazilWhat is the Currency of Brazil?Real
0%
MoroccoWhat was the name of the border conflict with Algeria in the 1960's?Sand War
0%
KenyaWhat beverage is Kenya the 3rd Largest producer of?Tea
0%
IndiaWhat is The National Song of India?Vande Mataram
0%
CubaWhich Strait separates Cuba and Haiti?Windward Passage
0%

Score Distribution

Percentile by Number Answered

Percent of People with Each Score

Your Score History

You have not taken this quiz